<?xml version="1.0" encoding="UTF-8"?>
<record
    xmlns:xsi="http://www.w3.org/2001/XMLSchema-instance"
    xsi:schemaLocation="http://www.loc.gov/MARC21/slim http://www.loc.gov/standards/marcxml/schema/MARC21slim.xsd"
    xmlns="http://www.loc.gov/MARC21/slim">

  <leader>02462nab a2200289 i 4500</leader>
  <controlfield tag="001">915</controlfield>
  <controlfield tag="003">KOSZ 005</controlfield>
  <controlfield tag="005">20180426105519.0</controlfield>
  <controlfield tag="008">140214s2007    pl     f     |100 0 pol</controlfield>
  <datafield tag="040" ind1=" " ind2=" ">
    <subfield code="c">BPK</subfield>
    <subfield code="d">KOSZ 005/EG</subfield>
  </datafield>
  <datafield tag="080" ind1=" " ind2=" ">
    <subfield code="a">628.4.032/.033</subfield>
  </datafield>
  <datafield tag="080" ind1=" " ind2=" ">
    <subfield code="a">504.2/.5</subfield>
  </datafield>
  <datafield tag="100" ind1="1" ind2=" ">
    <subfield code="a">SZYMA&#x143;SKI, Kazimierz.</subfield>
    <subfield code="d">1996 - .</subfield>
    <subfield code="b">Politechnika Koszali&#x144;ska - Wydzia&#x142; Budownictwa i In&#x17C;ynierii &#x15A;rodowiska,</subfield>
    <subfield code="c">Katedra Gospodarki Odpadami</subfield>
  </datafield>
  <datafield tag="245" ind1="1" ind2="0">
    <subfield code="a">Monitoring sk&#x142;adowisk odpad&#xF3;w /</subfield>
    <subfield code="c">Kazimierz Szyma&#x144;ski, Robert Side&#x142;ko, Beata Janowska, Izabela Siebielska.</subfield>
  </datafield>
  <datafield tag="500" ind1=" " ind2=" ">
    <subfield code="a">Dane z autopsji.</subfield>
  </datafield>
  <datafield tag="520" ind1=" " ind2=" ">
    <subfield code="a">Zaprezentowano wyniki bada&#x144; wp&#x142;ywu sk&#x142;adowisk odpad&#xF3;w komunalnych na &#x15B;rodowisko przyrodnicze. Wykonano badania sk&#x142;adu odpad&#xF3;w komunalnych, emisje gaz&#xF3;w do atmosfery, pod&#x142;o&#x17C;a sk&#x142;adowiska oraz sk&#x142;adu odciek&#xF3;w wysypiskowych i w&#xF3;d podziemnych. W pr&#xF3;bkach odciek&#xF3;w wysypiskowych i w&#xF3;d gruntowych analizowano zawarto&#x15B;&#x107; wybranych grup zwi&#x105;zk&#xF3;w mineralnych i organicznych, korzystaj&#x105;c z najnowszych technik analitycznych, w tym spektrometrii absorpcji atomowej oraz chromatografii gazowej. Wskazano na mo&#x17C;liwo&#x15B;ci zagospodarowania substancji organicznych zawartych w masie odpadowej, z uwzgl&#x119;dnieniem ilo&#x15B;ci i jako&#x15B;ci produkowanego kompostu.</subfield>
  </datafield>
  <datafield tag="650" ind1=" " ind2="0">
    <subfield code="a">&#x15A;mieci.</subfield>
  </datafield>
  <datafield tag="650" ind1=" " ind2="0">
    <subfield code="a">Gospodarka komunalna </subfield>
    <subfield code="x">wp&#x142;yw na &#x15B;rodowisko.</subfield>
  </datafield>
  <datafield tag="655" ind1=" " ind2="0">
    <subfield code="a">Materia&#x142;y konferencyjne.</subfield>
  </datafield>
  <datafield tag="700" ind1="1" ind2=" ">
    <subfield code="a">SIDE&#x141;KO, Robert.</subfield>
    <subfield code="d">1996 - .</subfield>
    <subfield code="b">Politechnika Koszali&#x144;ska - Wydzia&#x142; Budownictwa i In&#x17C;ynierii &#x15A;rodowiska,</subfield>
    <subfield code="c">Katedra Gospodarki Odpadami</subfield>
  </datafield>
  <datafield tag="700" ind1="1" ind2=" ">
    <subfield code="a">SIEBIELSKA, Izabela.</subfield>
    <subfield code="d">1996 - .</subfield>
    <subfield code="b">Politechnika Koszali&#x144;ska - Wydzia&#x142; Budownictwa i In&#x17C;ynierii &#x15A;rodowiska,</subfield>
    <subfield code="c">Katedra Gospodarki Odpadami</subfield>
  </datafield>
  <datafield tag="700" ind1="1" ind2=" ">
    <subfield code="a">JANOWSKA, Beata.</subfield>
    <subfield code="d">1996 - .</subfield>
    <subfield code="b">Politechnika Koszali&#x144;ska - Wydzia&#x142; Budownictwa i In&#x17C;ynierii &#x15A;rodowiska,</subfield>
    <subfield code="c">Katedra Gospodarki Odpadami</subfield>
  </datafield>
  <datafield tag="711" ind1="2" ind2="2">
    <subfield code="a">Og&#xF3;lnopolska Konferencja Naukowa nt. Kompleksowe i szczeg&#xF3;&#x142;owe problemy in&#x17C;ynierii &#x15B;rodowiska</subfield>
    <subfield code="n">(8 ;</subfield>
    <subfield code="d">2007 ;</subfield>
    <subfield code="c">Koszalin - Dar&#x142;&#xF3;wko, Polska).</subfield>
  </datafield>
  <datafield tag="773" ind1="0" ind2=" ">
    <subfield code="i">W :</subfield>
    <subfield code="t">VIII Og&#xF3;lnopolska Konferencja Naukowa na temat Kompleksowe i szczeg&#xF3;&#x142;owe problemy in&#x17C;ynierii &#x15B;rodowiska, Koszalin - Dar&#x142;&#xF3;wko 2007 / red. nauk. Tadeusz Piecuch. -</subfield>
    <subfield code="d">Koszalin : Wydaw. Uczelniane Politechniki Koszali&#x144;skiej, 2007. -</subfield>
    <subfield code="g">s. 75-133</subfield>
    <subfield code="k">In&#x17C;ynieria &#x15A;rodowiska</subfield>
  </datafield>
  <datafield tag="830" ind1=" " ind2=" ">
    <subfield code="a">Zeszyty Naukowe Wydzia&#x142;u Budownictwa i In&#x17C;ynierii &#x15A;rodowiska Politechniki Koszali&#x144;skiej </subfield>
    <subfield code="v">nr 23</subfield>
  </datafield>
  <datafield tag="942" ind1=" " ind2=" ">
    <subfield code="c">ROZ</subfield>
    <subfield code="2">UKD</subfield>
  </datafield>
  <datafield tag="999" ind1=" " ind2=" ">
    <subfield code="c">915</subfield>
    <subfield code="d">915</subfield>
  </datafield>
  <datafield tag="952" ind1=" " ind2=" ">
    <subfield code="0">0</subfield>
    <subfield code="1">0</subfield>
    <subfield code="4">0</subfield>
    <subfield code="7">0</subfield>
    <subfield code="a">BPK</subfield>
    <subfield code="b">BPK</subfield>
    <subfield code="o">84913</subfield>
    <subfield code="y">ROZ</subfield>
  </datafield>
</record>
